|
|
|
|
| LEADER |
00000nam a22000007a 4500 |
| 005 |
20180320120241.0 |
| 007 |
cr|||| |||| |
| 008 |
180320s2017 es |||||s|||| 00||0 spa d |
| 020 |
|
|
|a 978-84-9148-181-2
|
| 035 |
|
|
|a 21097
|
| 040 |
|
|
|a vLex
|
| 090 |
|
|
|c 7501
|d 7501
|
| 100 |
1 |
|
|a Serrano Gm̤ez, Alfonso
|
| 245 |
1 |
0 |
|a Constitucionalidad de la prisin̤ permanente revisable y razones para su derogacin̤
|h [Recurso electrn̤ico] /
|c Alfonso Serrano Gm̤ez, Isabel Serrano Mal̕lo
|
| 256 |
|
|
|a Servicio en ln̕ea
|
| 260 |
|
|
|a Madrid:
|b Dykinson,
|c 2017
|
| 300 |
|
|
|a 1 recurso electrn̤ico
|
| 506 |
1 |
|
|a Disponible solo en los productos indicados
|d vLex Global
|d vLex Global (Academic Edition, excluding Law Schools)
|d vLex Global (U.S. Academic Edition, Law Schools)
|d vLex Global (U.S. Academic Edition, excluding Law Schools)
|d vLex Global (Academic Edition, Law Schools)
|
| 650 |
0 |
4 |
|a Derecho Civil
|z Espaą
|
| 700 |
1 |
|
|a Serrano Mal̕lo, Isabel
|
| 740 |
0 |
|
|a vLex Libros (Servicio en ln̕ea)
|
| 856 |
4 |
0 |
|u http://vlex.com/source/constitucionalidad-prision-permanente-revisable-razones-derogacion-21097
|z Acceso restringido
|
| 942 |
|
|
|c BOOK
|
| 999 |
0 |
|
|a Civil Law
|